000 00764nab a22001697i 4500
003 KOSZ 005
005 20170424134753.0
008 160308s2012 pl ||||| ||||0|| ||pol
035 _aPBN-R:314475
040 _cKOSZ 005/md
_aPBN-ID
041 0 _apol
100 _aBORZYSZKOWSKI, Jacek.
_d1999 - .
_bPolitechnika Koszalińska - Instytut Ekonomii i Zarządzania,
_cZakład Turystyki
245 1 0 _aAnaliza oferty specjalnych pakietów pobytowych i ich wykorzystania w obiekcie hotelarskim na przykładzie Royal Park Hotel & SPA w Mielnie /
_cJacek Borzyszkowski, Sebastian Dudziak.
260 _c2012.
773 0 8 _iW :
_tZeszyty Naukowe. Ekonomiczne Problemy Usług. -
_dSzczecin : Wydaw. Naukowe Uniwersytetu Szczecińskiego, 2012
_x1896-382X
942 _cART
_2UKD
999 _c8257
_d8257